Homenaje a Enrique Tierno Galván : (Record no. 80525)

MARC details
000 -LEADER
campo de control de longitud fija 00973nam a2200265 i 4500
001 - NÚMERO DE CONTROL
campo de control 80525
003 - IDENTIFICADOR DE NÚMERO DE CONTROL
campo de control ES-MaACL
005 - FECHA Y HORA DE LA ÚLTIMA TRANSACCIÓN
campo de control 20240604103702.0
007 - CAMPO FIJO DE DESCRIPCIÓN FÍSICA--INFORMACIÓN GENERAL
campo de control de longitud fija t|
008 - DATOS DE LONGITUD FIJA--INFORMACIÓN GENERAL
campo de control de longitud fija 041028s1986 sp f 01110dspa d
020 ## - NÚMERO INTERNACIONAL ESTÁNDAR DEL LIBRO
Número Internacional Estándar del Libro 84-398-6970-3
080 ## - NÚMERO DE LA CLASIFICACIÓN DECIMAL UNIVERSAL
Número de la Clasificación Decimal Universal 929 Tierno Galván, Enrique:061.75
245 00 - MENCIÓN DEL TÍTULO
Título Homenaje a Enrique Tierno Galván :
Resto del título 7 de marzo de 1986 /
Mención de responsabilidad, etc. coordinador de la ed. Antonio Porpetta.
250 ## - MENCION DE EDICION
Mención de edición 1ª ed.
260 ## - PUBLICACIÓN, DISTRIBUCIÓN, ETC.
Lugar de publicación, distribución, etc. Madrid :
Nombre del editor, distribuidor, etc. Asociación de Escritores y Artistas Españoles,
Fecha de publicación, distribución, etc. 1986.
300 ## - DESCRIPCIÓN FÍSICA
Extensión 50 p. :
Otras características físicas il. ;
Dimensiones 24 cm.
490 1# - MENCIÓN DE SERIE
Mención de serie Colección Eugenio d'Ors ;
Designación de volumen o secuencia 2
600 14 - PUNTO DE ACCESO ADICIONAL DE MATERIA--NOMBRE DE PERSONA
Nombre de persona Tierno Galván, Enrique,
Fechas asociadas al nombre 1918-1986-
Subdivisión de forma Homenajes
9 (RLIN) 173684
700 1# - ENTRADA AGREGADA--NOMBRE PERSONAL
Nombre de persona Tierno Galván, Enrique,
Fechas asociadas al nombre 1918-1986
9 (RLIN) 110235
700 0# - ENTRADA AGREGADA--NOMBRE PERSONAL
Nombre de persona Porpetta, Antonio,
Fechas asociadas al nombre 1936-2023
9 (RLIN) 93136
710 2# - ENTRADA AGREGADA--NOMBRE DE ENTIDAD CORPORATIVA
Nombre de entidad corporativa o nombre de jurisdicción como elemento de entrada Asociación de Escritores y Artistas Españoles.
9 (RLIN) 1585
830 1# - PUNTO DE ACCESO ADICIONAL DE SERIE-TÍTULO UNIFORME
Título uniforme Colección Eugenio d'Ors ;
Designación de volumen o secuencia 2
9 (RLIN) 178377
852 ## - LOCALIZACIÓN
Ubicación ES-MaACL
Número de control de estantería 2139-F-1
Holdings
Estatus retirado Estado de pérdida Estado de daño No para préstamo Colección Biblioteca de origen Biblioteca actual Ubicación en estantería Fecha de adquisición Fuente de adquisición Total de préstamos Signatura topográfica completa Código de barras Visto por última vez Precio de reemplazo Tipo de ítem Koha
        Colección de folletos Biblioteca del Ateneo de Madrid Biblioteca del Ateneo de Madrid Depósito folletos 17/01/2008     2139-F-1 1084190 23/02/2023 23/02/2023 Folleto